| 000 | 00914nam a22002657a 4500 | ||
|---|---|---|---|
| 005 | 20130711130107.0 | ||
| 010 | _aENG-104949 | ||
| 020 |
_a9788185044774 _c355.00 |
||
| 020 |
_a8185044775 _c355.00 |
||
| 035 | _aEN-88482 | ||
| 035 | _aB-490997-006 | ||
| 037 | _bDBAD/PUB | ||
| 037 |
_bOcean Books/Ven _adpl |
||
| 082 | _a338.5024658 | ||
| 100 | _aRaj Kumar | ||
| 245 |
_aManagerial economics : _cby Raj Kumar [and] Kuldip Gupta _banalysis, policies and cases / |
||
| 250 | _a7th rev. ed | ||
| 260 |
_aNew Delhi _bUDH Publishers & Distributors _c2012 |
||
| 270 |
_a4762-63, Ansari Road, Darya Ganj _bNew Delhi _e110002 |
||
| 300 |
_axix,384p. : _bill. _c24cm(pbk) |
||
| 500 | _aIncludes index | ||
| 700 |
_aGupta, Kuldip _944749 |
||
| 942 |
_2ddc _cEN _mRAJ _h338.5024658 |
||
| 999 |
_c64679 _d64679 |
||